Statistics for History - Words that Come After

Click here to take the quiz!

General Stats

  • This quiz has been taken 22,027 times
  • The average score is 12 of 17

Answer Stats

HintAnswer% Correct
Byzantine, Mongol, OttomanEmpire
98%
Stone, Bronze, IronAge
97%
French, American, IndustrialRevolution
97%
Crimean, Peloponnese, VietnamWar
96%
Blarney, Rosetta, Philosopher'sStone
94%
Berlin, Hadrian's, WesternWall
91%
Silk, Abbey, BurmaRoad
84%
Chernobyl, Hindenburg, BhopalDisaster
79%
Maginot, Cunard, Mason-Dixon Line
74%
Qing, Julio-Claudian, MerovingianDynasty
73%
Ba'ath, Whig, DonnerParty
66%
Red, New Model, Irish RepublicanArmy
62%
Peterloo, My Lai, JonestownMassacre
53%
Doric, Ionic, Corinthian Column
51%
Abbasid, Ummayad, FatimidCaliphate
47%
Stonewall, Watts, Zoot SuitRiot
47%
Dreyfus, Haymarket, ProfumoAffair
36%

Score Distribution

Percentile by Number Answered

Percent of People with Each Score

Your Score History

You have not taken this quiz